Films avec Lino Ventura - Statistiques

Statistiques générales
  • Ce quiz a été pris 132 fois
  • Le résultat moyen est 10 sur 30
Statistiques - réponses
Année Autres acteurs ou indice Titre du film % Correct
1969 Jean Gabin - Alain Delon Le clan des siciliens
73%
1974 Annie Giradot - Isabelle Adjani La gifle
67%
1972 Jacques Brel - Charles Denner - Aldo Maccione L'aventure c'est l'aventure
65%
1973 Jacques Brel - Jean Pierre Darras - Caroline Cellier L'emmerdeur
62%
1981 Michel Serrault - Romy Schneider Garde à vue
52%
1965 Bourvil - Michel Constantin - Marie Dubois Les grandes gueules
47%
1965 Mireille Darc - Jean Lefebvre - André Pousse Ne nous fâchons pas
45%
1975 Patrick Dewaere - Victor Lanoux Adieu poulet
44%
1969 Paul Meurisse - Simone Signoret - HJean Pierre Cassel L'armée des ombres
44%
1960 Jean Gabin - René Dary Touchez pas au grisbi
41%
1961 Hardy Krüger - Maurice Biraud Un taxi pour Tobrouk
41%
1970 Marlène Jobert Dernier domicile connu
35%
1967 Alain Delon - Serge Reggiani Les aventuriers
35%
1983 Bernard Giraudeau - Claudia Cardinale Le ruffian
32%
1981 Michel Bouquet - Jean Carmet - Evelyne Bouix Les misérables
29%
1981 Michel Piccoli - Bruno Cremer Espion lève toi
28%
1971 Brigitte Bardot - Bill Travers Boulevard du rhum
27%
1964 Jean Paul Belmondo - Bernard Blier Cent mille dollars au soleil
27%
1963 Bernard Blier - Francis Blanche Les tontons flingeurs
26%
1973 Claude Mann - Françoise Fabian La bonne année
22%
1984 Léa Massari - Jean Poiret La septième cible
21%
1984 en Sicile Cent jours à Palerme
18%
1958 Jeanne Moreau - Maurice Ronet Ascenseur pour l'échafaud
17%
1973 Léa Massari - Suzanne Flon Le silencieux
16%
1966 Paul Meurisse - Michel Constantin - Raymond Pellegrin Le deuxième souffle
14%
1978 Richard Burton La grande menace
12%
1976 Fernando Rey Cadavres exquis
10%
1968 mercenaire en Amérique du Sud Le rapace
10%
1972 Charles Bronson Cosa Nostra
7%
1979 Angie Dickinson - Laurent Malet L'homme en colère
2%
Aucun quiz correspondant
Distribution des résultats
% des personnes avec chaque résultat
Percentile par nombre de réponses
Votre historique - résultats
Vous n’avez pas pris ce quiz